New Technology-Based Firms in the New Millennium

Saved in:
Bibliographic Details
Format: Book
Language:English
Tags: Add Tag
No Tags, Be the first to tag this record!
Call Number :

MARC

LEADER 00000nam a2200000 a 4500
001 104319
003 MY-KLNDU
005 20241220041917.0
008 171114 000 0 eng d
020 |a 9781785600326 
039 9 |y 201711141543  |z helmey 
245 1 |a New Technology-Based Firms in the New Millennium 
999 |a vtls000059997  |c 104319  |d 104319